|
|
|
|
| LEADER |
00000nab a2200000 ar4500 |
| 001 |
vtls009496716 |
| 003 |
SK-MaSNL |
| 005 |
20260303192544.0 |
| 008 |
090429c20090408xo sr|p|||||||000 b|slo |
| 015 |
|
|
|a SNBRB2009/05
|2 snkbucl
|
| 038 |
|
|
|a SNKBUCL
|
| 040 |
|
|
|a SNKBUCL
|b slo
|c SNKBUCL
|e AACR2
|
| 041 |
0 |
|
|a slo
|
| 044 |
|
|
|a xo
|c SK
|
| 080 |
|
|
|a 796.325.093.1
|x (4)
|2 2001
|
| 245 |
0 |
0 |
|a ME kadetiek vo volejbale
|b ME kadetiek vo volejbale
|
| 611 |
2 |
7 |
|a Majstrovstvá Európy kadetiek vo volejbale
|d (2009 :
|c Rotterdam, Holandsko)
|2 snkbucl
|9 1223106
|
| 650 |
0 |
7 |
|a volejbal
|2 snkbucl
|9 3294
|
| 650 |
0 |
7 |
|a ženy
|2 snkbucl
|9 4865
|
| 773 |
0 |
|
|t Šport
|g Roč. 63, č. 82 (8.4.2009), s. 38
|x 0139-7001
|
| 852 |
|
|
|a SNK
|b KIS3GCP
|
| 999 |
|
|
|c 2146992
|d 2148922
|